000 00464nam a22001817a 4500
003 MPLRDC
005 20220104124706.0
008 210129b ||||| |||| 00| 0 eng d
082 _a427 ZGTC v.6
100 _a陈秀兰责任编辑
245 _a江西特产风味指南
_c
250 _a一版一刷
260 _a
_b江西科学技术出版社
_c1986
300 _b
490 _a中国特产风味指南丛书
650 _a
942 _cBK
_o427 ZGTC v.6
999 _c21372
_d21362